000 00983nam a22001935i 4500
001 153210
003 ES-MaACL
005 20230906205055.0
008 040719s1896 sp |||| | spa d
040 _aCAM
_bspa
_cCAM
110 2 _aComisión de repoblación de la Cuenca del Lozoya.
_9134281
245 1 0 _aRelación valorada de los trabajos realizados y gastos hechos en la repoblación del primer perímetro de la primera porción de la sección primera durante la campaña que comprende los meses de octubre de 1894 á noviembre de 1895, ambos inclusive /
_cpor Luis Heraso.
260 _aMadrid :
_b[s.n.],
_c1896 (
_fImprenta de Ricardo Rojas)
300 _a48 p. ;
_c23 cm.
594 _aPrecede al tít.: Comisisión de repoblación de la Cuenca del Lozoya.
650 4 _aRepoblación forestal-
_zLozoya (España, Valle)
_9152114
700 1 _aHeraso, Luis.
_9127866
852 _aES-MaACL
_jG-9539(4)
_z-- Enc. hol., falto de la cub. original
_z-- Enc. en un vol. facticio
999 _c153210
_d153210